Sesuci kasih Norlina Alawi (Record no. 82509)

MARC details
000 -LEADER
fixed length control field 00673nam a2200241 i 4500
001 - CONTROL NUMBER
control field C2-0274776
003 - CONTROL NUMBER IDENTIFIER
control field PPAK
005 - DATE AND TIME OF LATEST TRANSACTION
control field 20180728003729.0
008 - FIXED-LENGTH DATA ELEMENTS--GENERAL INFORMATION
fixed length control field 061004s2006 my a|||| ||||| | may d
020 ## - INTERNATIONAL STANDARD BOOK NUMBER
International Standard Book Number 9831242521
040 ## - CATALOGING SOURCE
Original cataloging agency PPAK
Language of cataloging eng
Transcribing agency PPAK
Description conventions rda
082 04 - DEWEY DECIMAL CLASSIFICATION NUMBER
Classification number 362.732
Edition number 23
090 00 - LOCALLY ASSIGNED LC-TYPE CALL NUMBER (OCLC); LOCAL CALL NUMBER (RLIN)
Classification number (OCLC) (R) ; Classification number, CALL (RLIN) (NR) 362.732
Feature heading LIL
Feature heading G
100 0# - MAIN ENTRY--PERSONAL NAME
Personal name Lily Haslina Nasir,
Relator term author
245 10 - TITLE STATEMENT
Title Sesuci kasih Norlina Alawi
264 #1 - PRODUCTION, PUBLICATION, DISTRIBUTION, MANUFACTURE, AND COPYRIGHT NOTICE
Place of production, publication, distribution, manufacture Shah Alam, Selangor :
Name of producer, publisher, distributor, manufacturer Alaf 21 ,
Date of production, publication, distribution, manufacture, or copyright notice 2006
300 ## - PHYSICAL DESCRIPTION
Extent 152 pages :
Other physical details colour illustrations ;
Dimensions 24 cm
336 ## - CONTENT TYPE
Source rdacontent
Content type term text
337 ## - MEDIA TYPE
Source rdamedia
Media type term unmediated
338 ## - CARRIER TYPE
Source rdacarrier
Carrier type term volume
650 10 - SUBJECT ADDED ENTRY--TOPICAL TERM
Topical term or geographic name entry element Child care - Malaysia.
942 ## - ADDED ENTRY ELEMENTS (KOHA)
-- dc
Koha item type Book
Holdings
Withdrawn Not for loan Current library Shelving location Date acquired Full call number Barcode Date last seen Koha item type
    Perpustakaan Alor Setar Pinjaman Dewasa 14/03/2007 362.732 LIL A01148750 09/05/2018 Book
    Perpustakaan Awam Sungai Petani Pinjaman Dewasa 14/03/2007 362.732 LIL A01148751 09/05/2018 Book
    Perpustakaan Baling Pinjaman Dewasa 14/03/2007 362.732 LIL A01148757 09/05/2018 Book
    Perpustakaan Bandar Baharu Pinjaman Dewasa 14/03/2007 362.732 LIL A01148758 09/05/2018 Book
    Perpustakaan Jitra Pinjaman Dewasa 14/03/2007 362.732 LIL A01148752 09/05/2018 Book
    Perpustakaan Kulim Pinjaman Dewasa 14/03/2007 362.732 LIL A01148754 09/05/2018 Book
    Perpustakaan Yan Pinjaman Dewasa 14/03/2007 362.732 LIL A01148755 09/05/2018 Book